Chanteurs par musique - 2000 - Statistiques

Statistiques générales
  • Ce quiz a été pris 1 346 fois
  • Le résultat moyen est 8 sur 15
Statistiques - réponses
Musique Chanteur(s) % Correct
"Toxic" Britney Spears
93%
"Poker Face" Lady Gaga
93%
"Viva la Vida" Coldplay
79%
"Without me" Eminem
73%
"Disturbia" Rihanna
69%
"I Gotta Felling" The Black Eyed Peas
65%
"In da club" 50 cent
62%
"SexyBack" Justin Timberlake
52%
"Like a Prayer" Madonna
52%
"Love Yourself" Justin Bieber
50%
"If I Ain't Got You" Alicia Keys
35%
"Complicated" Avril Lavigne
32%
"Since U Been Gone" Kelly Clarkson
17%
"Vertigo" U2
12%
"Crazy in Love" Beyoncé ft. Jay-Z
10%
Aucun quiz correspondant
Distribution des résultats
% des personnes avec chaque résultat
Percentile par nombre de réponses
Votre historique - résultats
Vous n’avez pas pris ce quiz